Cadbury Brands that are no Longer Sold Quiz Stats

 Plays Quiz not verified by Sporcle

Score 0/19 Timer 09:00
0 Plays Today
% Correct
Spira
46.2%
Fuse
38.5%
Amazin
38.5%
Aztec
38.5%
Wispa Mint
30.8%
Wispaccino
30.8%
Taz
15.4%
Wispa Bite
15.4%
Mr. Big
15.4%
Strollers
7.7%
% Correct
Inspirations
7.7%
Creme Egg Mint
7.7%
Dairy Milk Almond & Honey
7.7%
Dairy Milk Orange Chips
7.7%
Dairy Milk with Shortcake Biscuit
7.7%
Dairy Milk with Creme Egg
7.7%
Dairy Milk Crispies
7.7%
Dairy Milk Wafer
7.7%
Double Decker with Nuts
7.7%

You're not logged in!

Compare scores with friends on all Sporcle quizzes.
OR
Log In

Show Comments

Extras

Created Nov 11, 2010ReportNominate
Tags:cadbury

Top Quizzes Today


Score Distribution

Your Account Isn't Verified!

In order to create a playlist on Sporcle, you need to verify the email address you used during registration. Go to your Sporcle Settings to finish the process.

Report this User

Report this user for behavior that violates our Community Guidelines.

Details: